000 00736nam a2200205Ia 4500
003 GCL
008 140319s9999 xx 000 0 ara d
020 _a4046779960
040 _aGCL /
_cGCL
082 0 4 _a250
_bع م
100 1 _aعبدالرحمن صالح عبدالله
245 1 0 _aالمرجع فى تدريس علوم الشريعة /
_cعبدالرحمن صالح عبدالله
260 _aالرياض :
_bدار الفيصل الثقافية ،
_c1996
300 _a534 ص ؛
_c25 سم
650 0 4 _aالشريعة الاسلامية
650 0 4 _aالتربية الاسلامية
650 0 4 _aالفقة الاسلامى
650 0 4 _aالشريعة الاسلامية - طرق تدريس
942 _2ddc
_cBK
999 _c56359
_d56359